00988 2200313 4500001002100000005001500021035002000036007000300056040001700059100003300076245011600109300002400225020001800249041000800267082001000275084001700285090002700302264004800329336002100377337003000398338002300428650002200451700004600473700004100519850001000560008004100570500003800611990002500649INLIS00000000000874320260518091918 a0010-1022000118ta aSBPUPADbind3 aGraaff, Ant P. deePengarang1 aNapak Tilas Tentara Belanda Dan TNI /cAnt.P.de Graaff;alih bahasa, S.Hertini Adiwoso;penyunting, Budi Prihatna a230 hlm. ;c20,5 cm a979-416-458-507aind a959.8 a959.8 GRA n a688.772 1 FIR b L21-10 a.-- Jakarta :bPustaka Sinar Harapan,c1997 2rdacontentateks 2rdamediaatanpa perantara 2rdacarrieravolume 4aSejarah Indonesia0 aalih bahasa, S.Hertini AdiwosoePengarang0 aPenyunting, Budi PrihatnaePengarang aPUPAD260518 0  aSingkatan dan Keterangan, hlm 230 a00639/ARPUS-PDG/2005